000 00383mam a22001331 4500
050 0 _aQD400
_b.A16 1967
100 1 _aAcheson, R. M.
245 1 3 _aAn introduction to the chemistry of heterocyclic compounds
_c[by] R.M. Acheson.
250 _a2d ed.
260 _aNew York,
_bInterscience Publishers
_c[1967]
300 _axvii, 408 p.
650 0 _xheterocyclic compounds
942 _cGEN
999 _c2263
_d2263